000 00496nam a22001817a 4500
999 _c154074
_d154074
003 dpl
005 20181015181853.0
008 180716b xxu||||| |||| 00| 0 eng d
020 _a8183820026
_c450.00
035 _aB-219283
040 _aDPL
_bENGLISH
_c0
082 _a371.3
100 _aSingh,C.P.
245 _aIntroduction to Educational Technology
_cby C.P.Singh
260 _aNew Delhi
_bLotus Press
_c2006
300 _a312p;
_c21 cm
942 _2ddc
_cEN
_h371.3
_mSIN